00892cam a22002531a 4500001001300000003000400013005001700017008004100034010001700075035002000092040002300112041001100135042001200146050001900158100002900177245018900206260005300395300004800448500003700496500004200533500002600575600002000601999001700621sa 66004154 DLC20260227112240.0840521s1962 ii c 000 0 eng  asa 66004154  a(OCoLC)10755552 aDLCcCCCdCCCdDLC0 aenghin apremarc00aBL1146.G62bB31 aBanerjea, Akshaya Kumar.10aPhilosophy of Gorakhnath with Goraksha-Vacana-Sangraha /cby Akshaya Kumar Banerjea ; with a prefatory note by Mahamahopadhyaya Gopinath Kaviraj ; and foreword by C.P. Ramaswami Aiyar. aGorakhpur :bMahant Dig Vijai Nath Trust,c1962. axxxiv, 343 (i.e. 355) p. :bport. ;c25 cm. aAppendices in Hindi and English. aAppendices: p. 321-343 (i.e. 333-355) aErrata slip inserted.00aGorakhanātha. c69258d69258